Central Library || Chittagong University

Basic Mathematics for high school : (Record no. 112154)

MARC details
000 -LEADER
fixed length control field 00491nam a22001697a 4500
003 - CONTROL NUMBER IDENTIFIER
control field BD-ChCU
005 - DATE AND TIME OF LATEST TRANSACTION
control field 20260408111723.0
008 - FIXED-LENGTH DATA ELEMENTS--GENERAL INFORMATION
fixed length control field 260408b bg ||||| |||| 00| 0 ben d
040 ## - CATALOGING SOURCE
Transcribing agency BD-ChCU
082 ## - DEWEY DECIMAL CLASSIFICATION NUMBER
Classification number 510 THB
100 ## - MAIN ENTRY--PERSONAL NAME
Personal name Thordarson , T.W.
9 (RLIN) 21386
245 ## - TITLE STATEMENT
Title Basic Mathematics for high school :
Remainder of title the study of measurement ./
Statement of responsibility, etc. T.W. Thordarson .
260 ## - PUBLICATION, DISTRIBUTION, ETC.
Place of publication, distribution, etc. Boston :
Name of publisher, distributor, etc. Allyn & Bacon .
Date of publication, distribution, etc. C 1965.
300 ## - PHYSICAL DESCRIPTION
Extent vii , 316p.
650 #0 - SUBJECT ADDED ENTRY--TOPICAL TERM
Topical term or geographic name entry element Mathematics .
9 (RLIN) 21389
942 ## - ADDED ENTRY ELEMENTS (KOHA)
Source of classification or shelving scheme Dewey Decimal Classification
Koha item type Books
Suppress in OPAC No
Holdings
Withdrawn status Lost status Source of classification or shelving scheme Damaged status Not for loan Home library Current library Shelving location Date acquired Source of acquisition Total Checkouts Full call number Barcode Date last seen Copy number Price effective from Koha item type
    Dewey Decimal Classification     Chittagong University Library Chittagong University Library Science Reading Room 04/08/2026 Purchase   510 THB 70437 04/08/2026 C-1 04/08/2026 Books
© Copyright 2025. Chittagong University Library, Installation and Maintenance by Prof. Dr. Md. Alamgir, 01711306253